Ticket to Ride Germany - Statistics

General Stats
  • This quiz has been taken 122 times
  • The average score is 25 of 35
Answers on the Map
Answers color-coded by a green-red scale on the quiz's map according to % correct below.
 
Answer Stats
Answer % Correct
Munchen
98%
Hamburg
97%
Berlin
96%
Frankfurt
93%
Koln
91%
Bremen
90%
Dresden
90%
Nurnberg
90%
Dusseldorf
86%
Leipzig
86%
Hannover
85%
Kiel
84%
Stuttgart
83%
Dortmund
78%
Rostock
74%
Saarbrucken
73%
Augsburg
72%
Mainz
70%
Bremerhaven
63%
Freiburg
63%
Magdeburg
63%
Mannheim
63%
Ulm
63%
Regensburg
61%
Erfurt
59%
Chemnitz
58%
Munster
58%
Karlsruhe
55%
Kassel
51%
Schwerin
49%
Koblenz
48%
Wurzburg
48%
Konstanz
45%
Emden
43%
Lindau
27%
No matching quizzes found
Score Distribution
Percent of People with Each Score
Percentile by Number Answered
Your Score History
You have not taken this quiz